000 00577cam a22002171 4500
001 sa 64008717
003 DLC
005 20260227112056.0
008 900125s1962 ii 000 0 tamo
010 _asa 64008717
035 _a(OCoLC)20956714
040 _aDLC
_cWaU
_dDLC
042 _apremarc
050 0 0 _aPK1718.T24
_bZ5673
100 1 _aChettiar, V. R. M.,
_d1900-
245 1 0 _aRavīntiranāta Tākūrin̲ kavitai, cir̲ukatai, nāṭakam.
260 _c[1962]
300 _a79 p.
_c19 cm.
500 _aIn Tamil.
600 1 0 _aTagore, Rabindranath,
_d1861-1941.
999 _c60991
_d60991